000 00650nam a22001937a 4500
005 20140905104708.0
010 _aENG-110746
020 _a9788183874984
_c1100.00
035 _aEN-94278
037 _bDBAD/PUB
082 _a793.319542
245 _aIncredible North India :
_cby S.P. Pandey... [et al]
_bfolk cultural traditions /
260 _aNew Delhi
_bSerials Publications
_c2012
270 _a4830/24, Prahlad Street, Ansari Road, Darya Ganj
_bNew Delhi
_e110002
300 _aix,313p.
_c22cm(Hb)
500 _aIncludes bibliographical references and index
700 _aPandey, S.P.
942 _2ddc
_cEN
_h793.319542
_mINC
999 _c88307
_d88307